000 00615nam a22002177a 4500
001 BR9404331
003 BR-BrBNA
005 20240119122906.0
007 ta
008 230509b bl.||||| |||| 00| 0 por d
040 _aBR-BrBNA
_bpor
_cBiblioteca Nacional de Agricultura
041 _a(Por)
072 _aA01
100 1 _aBlaskiviski, S.G.
110 1 _aEmpresa Catarinense de Pesquisa Agropecuaria S.A., Florianopolis (Brasil)
_93965
245 1 _aProdução técnico-cientifica da EMPASC /
260 3 _aFlorianopolis, SC (Brasil):
_c1980.
300 _a51 p.
650 _aAgricultura
942 _cBK
_2AGRIS
999 _c49612
_d49612